[Event "Bhopal GM Open 2019"]
[Site "Bhopal"]
[Date "2019.12.23"]
[Round "4.10"]
[White "Nguyen, Van Huy"]
[Black "Jani Kushal R"]
[Result "1-0"]
[WhiteElo "2457"]
[BlackElo "1611"]
[Annotator "TA"]
[PlyCount "95"]
[EventDate "2019.12.21"]
[EventType "swiss"]
[EventCountry "IND"]
[SourceTitle "playchess.com"]
[Source "ChessBase"]
[SourceQuality "1"]

{[%evp 21,94,77,70,77,91,92,141,154,160,152,147,137,121,79,83,81,245,197,257,254,258,259,253,252,395,389,404,380,391,393,482,473,593,593,589,349,495,530,869,869,1060,1037,1254,1050,1047,1020,997,989,1212,1371,1335,1296,1380,1356,1538,1527,1770,1756,1554,1493,2151,1437,1422,1410,1627,1568,29992,29987,29972,6456,29992,29987,29998,29999,29999]} 1. d4 Nf6 2. c4 g6 3. Nc3 Bg7 4. e4 O-O 5. Nf3 d6 6. Be2 e5 7. Be3 Ng4 8. Bg5 f6 9. Bc1 Nc6 10. d5 Ne7 11. h3 Nh6 12. h4 {E92: King's Indian: Classical: 6 Be2 e5: 7 dxe5, 7 Be3 and Petrosian System without 7...Nbd7} Ng4 (12... Nf7 13. h5 g5 14. Be3 h6 15. Nd2 f5 16. exf5 Nxf5 17. Nde4 Bd7 18. g4 Nd4 19. Bd3 c5 20. O-O a6 21. f3 b5 22. b3 b4 23. Ne2 a5 24. a3 {½-½ (24) Martinovic,S (2567)-Jovanovic,Z (2540) Biograd 2018}) 13. h5 g5 $146 ({Predecessor:} 13... gxh5 14. Rxh5 f5 15. Ng5 Nf6 16. Rh2 Ng6 17. exf5 Bxf5 18. g4 Bd7 19. f3 Nf4 20. Bxf4 exf4 {1-0 (31) Loncar,R (2390)-Ramesa,D (2172) Trieste 2005}) 14. Nd2 {White is clearly better.} Nh6 15. g4 Bd7 16. b4 c6 17. f3 cxd5 18. cxd5 Qb6 $2 (18... Rc8 $16 {might work better.}) 19. Qb3 a6 (19... Qc7 $142 20. a4 Rac8) 20. Nc4 $18 Qc7 21. Be3 b5 {[#]} 22. Nxd6 $1 {[%mdl 512]} Qxd6 (22... Kh8 $142 23. Bc5 Rfd8) 23. Bc5 Qb8 24. d6+ {[%mdl 64] Discovered Attack} ({Not} 24. Bxe7 Rc8 $18) 24... Kh8 25. dxe7 Rc8 26. Rd1 Be8 27. Nd5 Rc6 28. Kf2 Bf7 (28... Qb7 $142 29. Bd3 Rac8) 29. Qe3 Ng8 30. Nb6 Ra7 31. Rd8 Qc7 32. e8=Q Bxe8 33. Rxe8 Qf7 34. Rd8 Rb7 35. h6 Bxh6 36. Rxh6 Kg7 37. Rh1 h6 38. Rhd1 Kh8 39. R1d7 Rxd7 40. Rxd7 Qxa2 41. Qd2 Qxd2 42. Rxd2 Kg7 43. Rd7+ Kg6 44. Nd5 Re6 45. Ne3 h5 46. Nf5 {[%csl Gf5][%cal Rd7g7] White mates.} hxg4 47. Rg7+ {[%mdl 64] [#] Double Attack, Zwischenzug} Kh5 48. fxg4# {Accuracy: White = 88%, Black = 30%.} 1-0

[Event "Bhopal GM Open 2019"]
[Site "Bhopal"]
[Date "2019.12.23"]
[Round "4.11"]
[White "Khusenkhojaev, Muhammad"]
[Black "Ayush Jha"]
[Result "1-0"]
[WhiteElo "2427"]
[BlackElo "1929"]
[Annotator "TA"]
[PlyCount "89"]
[EventDate "2019.12.21"]
[EventType "swiss"]
[EventCountry "IND"]
[SourceTitle "playchess.com"]
[Source "ChessBase"]
[SourceQuality "1"]

{[%evp 20,91,43,53,54,53,44,33,32,36,51,43,65,56,69,78,75,52,60,52,52,52,52,55,162,151,202,198,189,198,197,185,185,183,224,200,263,237,220,0,268,266,339,348,341,345,338,333,408,399,427,429,420,418,402,364,485,482,535,535,525,496,511,497,537,535,489,491,557,558,704,589,681,609]} 1. Nf3 Nf6 2. c4 g6 3. d4 Bg7 4. g3 d6 5. Bg2 O-O 6. O-O Nbd7 7. Nc3 e5 8. e4 Re8 9. h3 exd4 10. Nxd4 a6 11. Bg5 h6 {E68: King's Indian: Fianchetto: 6...Nbd7 7 0-0 e5 8 e4} 12. Be3 Rb8 13. a4 Nc5 {[%cal Rf6e4] White is slightly better.} 14. Qc2 a5 ({Predecessor:} 14... Qe7 15. Rfe1 a5 {½-½ (31) Zimmermann,H (2082)-Faldum,M (1789) Frankfurt 2010}) 15. Rad1 Qe7 $146 {[%cal Rf6e4]} (15... Bd7 16. Ndb5 b6 17. Rfe1 Qc8 18. g4 h5 19. f3 hxg4 20. hxg4 {½-½ (32) Dobrov,V (2510)-Sean,W (2417) Budapest 2017}) 16. Rfe1 Bd7 {[%cal Rf6e4]} 17. Ndb5 Bxb5 18. Nxb5 Rbd8 19. Bxc5 dxc5 20. e5 {[%mdl 64] [#] Discovered Attack} Rxd1 21. Qxd1 Nh5 ({Black should play} 21... Rd8 $14 22. Qe2 Nd7) 22. e6 $36 {[%mdl 2048] Hoping for exf7+. Black is under strong pressure.} Kh8 (22... Nf6 $16 {was worth a try.} 23. Bxb7 fxe6) 23. Bxb7 fxe6 24. Be4 Qf7 25. Qc2 Kh7 {[#]} 26. Nxc7 $1 {[%mdl 512]} Rf8 {Black wants to play ...Bd4.} (26... Qxc7 27. Bxg6+) 27. Nb5 Bf6 28. Rd1 Be5 29. Re1 Bf6 $1 30. Re3 Ng7 31. Nd6 Qd7 32. Bxg6+ Kg8 33. Nb5 e5 34. Kg2 Ne6 35. Bf5 Bg7 {White must now prevent ...Rxf5.} 36. Bxe6+ Qxe6 37. Qe4 Kh8 38. b3 {White is clearly winning.} Qd7 39. Rd3 Qe7 40. Nc3 Qe6 41. Nd5 Qc6 42. Rf3 Rxf3 43. Qxf3 Qe6 44. Nc3 Qd7 45. Qa8+ {Played: Qf3-d5} 1-0

[Event "Bhopal GM Open 2019"]
[Site "Bhopal"]
[Date "2019.12.23"]
[Round "4.12"]
[White "Manik, Mikulas"]
[Black "Ilamparthi A R"]
[Result "1-0"]
[WhiteElo "2379"]
[BlackElo "1852"]
[Annotator "TA"]
[PlyCount "127"]
[EventDate "2019.12.21"]
[EventType "swiss"]
[EventCountry "IND"]
[SourceTitle "playchess.com"]
[Source "ChessBase"]
[SourceQuality "1"]

{[%evp 21,126,43,54,37,70,64,129,120,147,148,138,148,183,179,184,185,181,183,183,179,177,191,160,171,159,163,155,137,147,129,118,133,137,146,136,119,137,137,142,168,157,118,141,146,154,132,144,86,111,79,133,135,140,96,123,117,160,153,164,156,143,159,142,139,153,147,151,151,154,154,191,187,214,187,377,375,368,332,452,460,474,468,456,439,515,515,535,491,594,592,712,704,690,679,658,640,29981,29982,29983,29984,29984,29985,29991,29992,29998,29999,29999]} 1. e4 c5 2. Nf3 d6 3. d4 cxd4 4. Nxd4 Nf6 5. f3 Nc6 6. c4 Nxd4 7. Qxd4 e6 8. Nc3 Be7 9. Be3 O-O 10. Be2 b6 11. O-O Bb7 12. Rfd1 {B55: Sicilian: 2...d6 3 d4 cxd4 4 Nxd4 Nf6 5 f3} Re8 (12... Qc8 13. Rac1 Rd8 14. Kh1 Nd7 15. Nb5 Ne5 16. b4 Qb8 17. Qb2 a6 18. Nd4 Nd7 {½-½ (39) Jankovic,A (2569)-Loncar,R (2424) Rijeka 2010}) 13. Rac1 $146 ({Predecessor:} 13. Qd2 a6 14. Bf1 Qc7 15. Rac1 Nd7 16. b4 Rab8 17. Bf4 Ne5 18. a3 Red8 {0-1 (38) Lembidakis,K-Kortelainen,J Finland 1987}) 13... Nd7 ({Better is} 13... Qb8 $14) 14. Nb5 $16 {White is better.} d5 15. cxd5 exd5 {[#]} 16. Qd2 $1 Bc5 17. Bxc5 Nxc5 18. b4 Ne6 19. exd5 Bxd5 20. Qxd5 Qxd5 21. Rxd5 Nf4 22. Bc4 {Threatens to win with Rd7.} Nxd5 23. Bxd5 Rad8 24. Be4 Re7 25. Rc2 g6 26. Kf2 f5 27. Bc6 Kg7 28. f4 a6 29. Nc3 Rd4 30. Nd5 {[%mdl 64] Double Attack} Re6 31. Bb7 Rd6 {[#]} 32. Nc7 $1 {[%cal Rc7e8] Hoping for Ne8+.} Kf7 33. Nxa6 Rxf4+ 34. Ke1 (34. Ke2 $142) 34... Rfd4 35. Bf3 Re6+ (35... g5 $142) 36. Kf2 g5 37. a4 g4 38. Be2 {Strongly threatening Bc4.} Kf6 39. a5 {And now Nc7 would win.} Rf4+ 40. Ke1 {Nc7 is the strong threat.} bxa5 41. bxa5 Ra4 42. Nc5 {[%mdl 64] Double Attack} Ra1+ 43. Kf2 Re7 44. a6 h5 45. g3 Rh1 46. Kg2 Re1 47. Bf1 Kg5 $2 (47... Ra1 48. Nb3 Ra4) 48. Ra2 $18 Ra7 49. Nd3 Re6 50. Nf4 Rd6 51. Bd3 h4 52. Ra5 h3+ 53. Kf2 Rf6 54. Ne2 Kh6 55. Nd4 f4 56. Nf5+ Kg6 57. gxf4 Kf7 58. Kg3 Rd7 59. Bc4+ {White mates.} Kg6 60. a7 Rxa7 61. Rxa7 Rxf5 {[#]} 62. Bd3 $1 Kh5 63. Bxf5 {[%cal Ra7h7]} Kh6 64. Rh7# {Accuracy: White = 74%, Black = 42%.} 1-0

[Event "Bhopal GM Open 2019"]
[Site "Bhopal"]
[Date "2019.12.23"]
[Round "4.13"]
[White "Srikrishnan P"]
[Black "Czebe, Attila"]
[Result "0-1"]
[WhiteElo "1898"]
[BlackElo "2374"]
[Annotator "TA"]
[PlyCount "92"]
[EventDate "2019.12.21"]
[EventType "swiss"]
[EventCountry "IND"]
[SourceTitle "playchess.com"]
[Source "ChessBase"]
[SourceQuality "1"]

{[%evp 13,92,22,25,29,27,13,49,29,28,31,34,34,38,18,41,0,0,0,0,0,0,0,0,0,0,-5,0,-18,-18,-32,-32,-32,-32,-32,-34,-33,-30,-45,-21,-41,-26,-25,-18,-29,-8,-106,-92,-100,-101,-120,-120,-128,-125,-118,-29,-121,-27,-135,-127,-179,-112,-131,-107,-130,-36,-29961,-29963,-29965,-29968,-29966,-29966,-29973,-29974,-29941,-29940,-29940,-29944,-29979,-29980,-29980,-29980]} 1. d4 e6 2. c4 b6 3. Nf3 Bb7 4. g3 Bb4+ 5. Bd2 Bxd2+ 6. Qxd2 Bxf3 7. exf3 d5 8. Nc3 {A40: Unusual replies to 1 d4} Ne7 (8... Nf6 9. g4 c6 10. g5 Ng8 11. O-O-O Ne7 12. h4 h5 13. Kb1 g6 14. cxd5 cxd5 15. Bb5+ Kf8 {1-0 (46) Moiseenko,A (2692)-Antipov,M (2569) Berlin 2015}) 9. cxd5 exd5 10. Bb5+ {White is slightly better.} c6 11. Bd3 Nd7 12. O-O O-O $146 ({Predecessor:} 12... Nf6 13. Rfe1 O-O 14. Re2 b5 15. Rae1 Ng6 {0-1 (37) Fekete,I (2093)-Bokros,A (2446) Nyiregyhaza 2005}) 13. Rfe1 Re8 14. Qf4 Nf8 15. Re5 Nfg6 $36 {[%mdl 2048] White is under pressure.} 16. Bxg6 $1 Nxg6 17. Rxe8+ Qxe8 18. Qe3 Qd7 19. Re1 Kf8 20. h4 Re8 21. Qxe8+ Qxe8 22. Rxe8+ Kxe8 $11 {[%mdl 4096] Endgame KN-KN} 23. Kf1 Kd7 24. Ke2 Ne7 25. Kd3 Ke6 26. Ne2 Nf5 27. b4 Kd6 28. h5 c5 29. b5 (29. bxc5+ $11 bxc5 30. dxc5+ Kxc5 31. Kc3) 29... g5 30. hxg6 fxg6 31. f4 h5 32. Kc3 h4 33. gxh4 Nxh4 ({Black should try} 33... c4 $17 34. Kd2 Nxh4) 34. a4 {[#]} (34. dxc5+ $1 $11 {remains equal.} Kxc5 35. a4) 34... Nf5 (34... c4 $1 $17 35. Kd2 Ng2) 35. Kd3 (35. dxc5+ $11 bxc5 36. a5) 35... Ng7 $17 36. Ng3 {[#]} (36. dxc5+ $17 bxc5 37. Kc3) 36... Kc7 ({Better is} 36... cxd4 $1 $19 37. Kxd4 Ne6+ 38. Ke3 Kc5) 37. dxc5 bxc5 {[%cal Bb6c5,Bc5c4][%mdl 32] Hoping for ...Kb6.} 38. a5 Nf5 ({Black should play} 38... Kb7 $17) 39. Nxf5 $2 {[%mdl 8192]} (39. Ne2 $15) 39... gxf5 $15 {KP-KP. Black mates.} 40. Kc3 c4 41. Kd4 Kd6 42. f3 Kd7 43. Kc3 Kc7 44. Kb4 Kd6 45. b6 axb6 46. a6 Kc7 {Accuracy: White = 42%, Black = 56%.} 0-1

[Event "Bhopal GM Open 2019"]
[Site "Bhopal"]
[Date "2019.12.23"]
[Round "4.14"]
[White "Ananthapadmanabh D V"]
[Black "Raahul V S"]
[Result "0-1"]
[WhiteElo "1808"]
[BlackElo "2252"]
[Annotator "TA"]
[PlyCount "131"]
[EventDate "2019.12.21"]
[EventType "swiss"]
[EventCountry "IND"]
[SourceTitle "playchess.com"]
[Source "ChessBase"]
[SourceQuality "1"]

{[%evp 23,131,0,8,14,19,16,55,28,22,31,35,31,85,95,97,92,153,130,134,104,97,-183,-193,-191,-178,-189,-182,-198,-153,-157,-156,-173,-127,-315,-208,-296,-195,-207,-190,-185,-104,-177,-195,-193,-195,-179,-178,-170,-164,-165,-173,-445,-426,-519,-254,-253,-243,-233,-172,-225,-140,-281,-281,-504,-500,-668,-665,-586,-562,-1030,-1019,-750,-1099,-1093,-1006,-1016,-879,-845,-762,-573,-545,-1352,-1323,-29954,-12848,-1432,-4918,-29970,-29971,-29972,-29972,-29973,-29974,-29976,-29977,-29977,-29978,-29978,-29979,-29978,-29979,-29979,-29980,-29981,-29982,-29985,-29986,-29982,-29983,-29989]} 1. e4 e5 2. Nf3 Nc6 3. Bc4 Nf6 4. d4 exd4 5. O-O Nxe4 6. Re1 d5 7. Bxd5 Qxd5 8. Nc3 Qa5 9. Nxe4 Be6 10. Neg5 O-O-O 11. Nxe6 fxe6 12. Rxe6 h6 13. Qe2 {C56: Two Knights: 4 d4 exd4 5 0-0 Nxe4} Bd6 (13... g5 14. Bd2 Bb4 15. Rxc6 bxc6 16. Qe6+ Kb7 17. Qb3 c5 18. c3 dxc3 19. bxc3 c4 20. Qxc4 Bc5 {½-½ (122) Heidrich,M (2362)-Hilverda,A (2354) Germany 2017}) 14. Bd2 Qb6 15. Rb1 $146 {White is slightly better.} (15. b4 $5) ({Predecessor:} 15. b3 g5 16. Qe4 Rdg8 17. c3 Bc5 18. b4 Bd6 19. Qf5 Kb8 20. a3 Rf8 21. Qd3 {1-0 (59) Figueiredo,H (2039)-Guia,A (1478) Barreiro 2017}) 15... Qc5 16. Qe4 Rhf8 17. h3 d3 (17... Qf5 $14) 18. cxd3 $16 Qc2 {[#]} 19. d4 $1 Nxd4 ({Better is} 19... Qxe4 20. Rxe4 Rde8) 20. Qxc2 ({Worse is} 20. Nxd4 Qxd2 21. Nf3 Qf4 $11) 20... Nxc2 21. Re4 {Black must now prevent Rc4.} Bc5 22. Rc1 $2 {[%mdl 8192] [#]} (22. Bc3 $16 {stays on course.}) 22... Rxf3 $1 $19 {[%mdl 512]} 23. Rxc2 (23. gxf3 Rxd2) 23... Rxf2 24. Rxc5 Rdxd2 {[%mdl 4096] Endgame KRR-KRR} 25. Rg4 Rf7 ({Resist} 25... Rxb2 26. Rxg7 c6 27. a4 $15) 26. Rb5 b6 27. a4 g5 28. b3 $2 (28. b4 $17) 28... Rd1+ 29. Kh2 Rff1 {Threatens to win with ...h5.} 30. Rc4 Rh1+ 31. Kg3 Rd2 (31... Rd3+ $19 32. Kg4 Rd2) 32. a5 (32. Rf5 $17) 32... Kb7 33. axb6 axb6 34. Rf5 Rg1 35. Rf2 Rxf2 36. Kxf2 {KR-KR} Rb1 37. Rc3 $2 (37. b4) 37... c5 38. Kf3 Rf1+ (38... Ka6 $142 39. Rd3 Ka5) 39. Ke2 Rf6 40. Re3 Kc6 41. Kd3 (41. Re8 {is a better defense.}) 41... Kd5 42. Kc3 (42. Re8 $17) 42... Rf2 43. g3 $2 (43. Rg3 {was the only defense.}) 43... b5 44. b4 c4 45. g4 Ra2 {Hoping for ...Ra3+.} 46. Re8 Ra3+ 47. Kc2 Rxh3 48. Rb8 Kd4 49. Rd8+ Ke4 50. Rb8 Kf4 51. Rxb5 Rb3 52. Rb6 Kxg4 53. Rxh6 Rxb4 54. Kc3 Rb8 (54... Rb1 $142 55. Kxc4 Rd1) 55. Kxc4 Rd8 {Black mates.} 56. Rh1 Kf3 57. Rf1+ Kg2 58. Rf5 g4 59. Rg5 g3 60. Rg7 Kf2 61. Rf7+ Kg1 62. Rg7 g2 63. Kc3 Rh8 64. Rd7 Kh2 65. Rd2 Rc8+ 66. Kd4 {Accuracy: White = 32%, Black = 74%.} 0-1

[Event "Bhopal GM Open 2019"]
[Site "Bhopal"]
[Date "2019.12.23"]
[Round "4.15"]
[White "Franco Valencia, Angela"]
[Black "Bajaj Prakhar"]
[Result "1-0"]
[WhiteElo "2167"]
[BlackElo "1779"]
[Annotator "TA"]
[PlyCount "61"]
[EventDate "2019.12.21"]
[EventType "swiss"]
[EventCountry "IND"]
[SourceTitle "playchess.com"]
[Source "ChessBase"]
[SourceQuality "1"]

{[%evp 16,60,12,-21,-26,-33,-20,-12,-23,-16,-16,-25,16,-15,0,4,52,45,66,53,82,70,81,73,89,76,103,72,101,97,93,54,38,47,54,12,26,4,71,70,764,764,729,710,29997,29998,29999]} 1. e4 c6 2. d4 d5 3. Nc3 dxe4 4. Nxe4 Bf5 5. Ng3 Bg6 6. Nf3 Nd7 7. h4 h6 8. h5 Bh7 9. Bc4 e6 {B19: Classical Caro-Kann: 4...Bf5 main line} 10. Qe2 Bd6 (10... Ngf6 11. Bf4 Nd5 12. Bd2 Bxc2 13. Bxh6 Rxh6 14. Qxc2 Qa5+ 15. Kf1 O-O-O 16. Qd2 Qxd2 17. Nxd2 {0-1 (115) Gusev,A (2398)-Fernandez,D (2451) Dubna 2016}) 11. Ne4 Bxe4 {The position is equal.} 12. Qxe4 Ngf6 13. Qe2 Nb6 14. Bb3 Qc7 15. Bd2 O-O-O 16. Ne5 $146 {[%mdl 2048] White has good play.} ({Predecessor:} 16. O-O-O Bf4 17. g3 Bxd2+ 18. Rxd2 {1-0 (53) Heino,J (2077)-Koivumaki,M (1856) Naantali 2012}) 16... Kb8 17. O-O-O c5 {[#]} 18. dxc5 $1 Bxe5 19. cxb6 axb6 20. Kb1 Rd4 21. Be3 Rxd1+ 22. Rxd1 {Threatens to win with Qb5.} Ne4 {White must now prevent ...Nc3+!} 23. Bd4 Bxd4 24. Rxd4 Nf6 25. Qd1 Qh2 $1 26. Rb4 Rc8 {[#]} (26... Nd5 $11 27. Bxd5 Rd8 {[%mdl 64] Pin}) 27. a3 $1 $16 Qxg2 $2 {[%mdl 8192]} (27... Qc7 $14) 28. Qd6+ $18 {[%mdl 64] Double Attack} Rc7 29. Rc4 Ne8 30. Qd8+ {[%mdl 64] Double Attack} Ka7 31. Ra4# {Accuracy: White = 63%, Black = 29%.} 1-0

[Event "Bhopal GM Open 2019"]
[Site "Bhopal"]
[Date "2019.12.23"]
[Round "4.16"]
[White "Devansh Singh"]
[Black "Madjidov, Jasur"]
[Result "1/2-1/2"]
[WhiteElo "1645"]
[BlackElo "2136"]
[Annotator "TA"]
[PlyCount "37"]
[EventDate "2019.12.21"]
[EventType "swiss"]
[EventCountry "IND"]
[SourceTitle "playchess.com"]
[Source "ChessBase"]
[SourceQuality "1"]

{[%evp 17,37,-18,-4,-33,-18,-10,-18,-36,-31,-91,-74,-86,-15,-25,0,0,0,0,0,0,9,7]} 1. e4 c5 2. Nf3 Nc6 3. d4 cxd4 4. Nxd4 g6 5. Nxc6 bxc6 6. Qd4 Nf6 7. e5 Ng8 8. e6 Nf6 9. exf7+ Kxf7 10. Nc3 {B34: Sicilian: Accelerated Dragon with 5 Nc3: sidelines} (10. Nd2 Bg7 11. Nf3 Rf8 12. Bd3 Kg8 13. O-O Qc7 14. Qh4 e5 15. Re1 d6 16. Bh6 Rb8 17. Bxg7 Kxg7 18. b3 Nh5 19. c4 Nf4 20. Bc2 Nxg2 {0-1 (20) Bordais,B (2114)-Bailet,P (2525) Rennes 2017}) 10... Bg7 11. Qc4+ e6 12. Bg5 Qb6 13. Be2 $146 (13. Na4 $15 Qa5+ {[%mdl 64] Double Attack} 14. Bd2 Qe5+ 15. Be2) ({Predecessor:} 13. Na4 Qa5+ 14. Bd2 Qe5+ 15. Be2 Ne4 16. Be3 Rf8 17. O-O Bb7 {1-0 (34) Schmalhorst,S (1905)-Lampard,A (1593) Prague 2012}) 13... d5 $17 14. Qb3 Ba6 (14... Qc7 $17 {next ...Rb8 is good for Black.} 15. Qa4 e5) 15. Na4 $11 Qxb3 16. axb3 {The position is equal.} Bxe2 17. Kxe2 Nd7 18. Ra2 h6 19. Bd2 {Accuracy: White = 62%, Black = 56%.} 1/2-1/2

[Event "Bhopal GM Open 2019"]
[Site "Bhopal"]
[Date "2019.12.23"]
[Round "4.17"]
[White "Mithil Anande P"]
[Black "Jay Kundaliya"]
[Result "0-1"]
[WhiteElo "1632"]
[BlackElo "2088"]
[Annotator "NA RC"]
[PlyCount "148"]
[EventDate "2019.12.21"]
[EventType "swiss"]
[EventCountry "IND"]
[SourceTitle "playchess.com"]
[Source "ChessBase"]
[SourceQuality "1"]
[TimeControl "5400+30"]

1. Nf3 {[%emt 0:00:00]} Nf6 {[%emt 0:04:47]} 2. d4 {[%emt 0:00:45]} d5 {[%emt 0:01:18]} 3. e3 {[%emt 0:00:41]} c6 {[%emt 0:02:57]} 4. c4 {[%emt 0:04:14]} Bf5 {[%emt 0:04:03]} 5. Nc3 {[%emt 0:00:30]} e6 {[%emt 0:00:06]} 6. Qb3 {[%emt 0:03:17]} Qc7 {[%emt 0:02:51]} 7. Nh4 {[%emt 0:04:42] D12: Slav Defence: 3 Nf3 Nf6 4 e3 Bf5} Bg6 {[%emt 0:02:21]} 8. Nxg6 {[%emt 0:04:07]} hxg6 {[%emt 0:00:02]} 9. g3 {[%emt 0:00:46]} (9. Bd2 Nbd7 10. Rc1 Nb6 11. cxd5 exd5 12. h3 Qd7 13. Bd3 Bd6 14. a4 O-O {0-1 (38) Beliavsky,A (2526)-Mamedov,R (2701) Skopje 2019}) 9... Nbd7 {[%emt 0:04:32]} 10. Bg2 {[%emt 0:00:38]} Bd6 {[%emt 0:06:48]} 11. Bd2 {[%emt 0:05:00]} O-O {[%emt 0:04:43]} 12. O-O {[%emt 0:01:12]} Rad8 $146 {[%emt 0:09:04]} ({Predecessor:} 12... a5 13. Rac1 Bb4 14. Rfd1 Nb6 15. c5 Nc4 {½-½ (35) De Souza,S (2593)-Almiron,L (2574) ICCF email 2008}) 13. e4 {[%emt 0:09:48]} (13. Rfc1 $14) 13... dxc4 {[%emt 0:00:17]} 14. Qxc4 {[%emt 0:00:19]} e5 {[%emt 0:00:02]} 15. d5 {[%emt 0:06:16]} Nb6 {[%emt 0:19:16]} 16. Qb3 {[%emt 0:10:00]} Bc5 {[%emt 0:08:17]} 17. Rac1 {[%emt 0:09:07]} Ng4 {[%emt 0:08:37]} 18. Bg5 {[%emt 0:16:59]} f6 {[%emt 0:06:52]} 19. dxc6+ {[%emt 0:01:21]} (19. Bh3 $18 Kh8 20. Bxg4 fxg5 21. Ne2) 19... Kh7 {[%emt 0:03:18]} 20. Nd5 {[%emt 0:08:51]} Qxc6 {[%emt 0:01:25]} 21. Be3 {[%emt 0:10:07]} Nxe3 {[%emt 0:00:37]} 22. Nxe3 {[%emt 0:00:05]} Qd6 {[%emt 0:00:38]} 23. Rfd1 {[%emt 0:00:46]} Bd4 {[%emt 0:01:46]} 24. Qb5 {[%emt 0:01:24]} Rc8 {[%emt 0:02:09]} 25. Nd5 {[%emt 0:00:46]} Nxd5 {[%emt 0:00:32]} 26. exd5 {[%emt 0:00:12]} Bb6 {[%emt 0:00:21]} 27. a4 {[%emt 0:00:52]} a5 {[%emt 0:02:05]} 28. Rc4 {[%emt 0:00:24]} Rxc4 {[%emt 0:01:45]} 29. Qxc4 {[%emt 0:00:05]} f5 {[%emt 0:00:04]} 30. Rd3 {[%emt 0:01:09]} e4 {[%emt 0:00:15]} 31. Rb3 {[%emt 0:00:10]} Rf6 {[%emt 0:00:14]} 32. Qb5 {[%emt 0:00:47]} Qe5 {[%emt 0:00:23]} 33. Qd7 {[%emt 0:00:30]} e3 {[%emt 0:00:20]} 34. fxe3 {[%emt 0:00:21]} Bxe3+ {[%emt 0:00:02]} 35. Kh1 {[%emt 0:00:12]} Bc5 {[%emt 0:00:22]} 36. Qb5 $2 {[%emt 0:00:35] [#]} (36. Rf3) 36... b6 $2 {[%emt 0:00:27]} (36... Rb6 $1 $19 {[%mdl 512] and Black stays clearly on top.} 37. Qxc5 Rxb3) 37. Qf1 {[%emt 0:00:48]} Qd4 {[%emt 0:00:51]} 38. Rc3 {[%emt 0:00:40]} Qxa4 {[%emt 0:00:23]} 39. Rf3 {[%emt 0:00:28]} Qd4 {[%emt 0:00:15]} 40. b3 {[%emt 0:00:10]} Qe5 {[%emt 0:01:52]} 41. Rd3 {[%emt 0:00:48]} g5 {[%emt 0:00:09]} 42. Rd1 {[%emt 0:00:26]} f4 {[%emt 0:02:17]} 43. Re1 {[%emt 0:00:30]} Qd4 {[%emt 0:00:14]} 44. Be4+ {[%emt 0:00:14]} g6 {[%emt 0:00:46]} 45. Qh3+ {[%emt 0:00:39]} Kg7 {[%emt 0:00:02]} 46. Qd7+ {[%emt 0:00:09]} Rf7 {[%emt 0:00:10]} 47. Qe6 {[%emt 0:00:41]} Qf6 {[%emt 0:00:29]} 48. Qxf6+ {[%emt 0:00:19]} Rxf6 {[%emt 0:00:26]} 49. gxf4 {[%emt 0:01:01]} gxf4 {[%emt 0:00:01]} 50. Kg2 {[%emt 0:00:08]} Rd6 {[%emt 0:00:47]} 51. Kf3 {[%emt 0:00:38]} Kf6 {[%emt 0:00:03]} 52. Kxf4 {[%emt 0:00:49]} Rd8 {[%emt 0:00:17]} 53. Re2 {[%emt 0:00:17]} Rh8 {[%emt 0:00:31]} 54. Bd3 {[%emt 0:00:35]} g5+ {[%emt 0:00:30]} 55. Kf3 {[%emt 0:00:22]} Rh3+ {[%emt 0:00:04]} 56. Ke4 {[%emt 0:00:10]} Bd6 {[%emt 0:01:40]} 57. Kd4 {[%emt 0:00:20]} Rh4+ {[%emt 0:01:14]} 58. Re4 $15 {[%emt 0:01:07]} Bxh2 {[%emt 0:00:42]} 59. Rxh4 {[%emt 0:00:37]} gxh4 {[%emt 0:00:02]} 60. Ke4 {[%emt 0:00:25]} Ke7 {[%emt 0:00:39]} 61. Bf1 {[%emt 0:00:25]} Kd6 {[%emt 0:00:03]} 62. Kd4 {[%emt 0:00:35]} Bg1+ {[%emt 0:00:45]} 63. Kc4 {[%emt 0:00:34]} Bc5 {[%emt 0:00:15]} 64. Bg2 {[%emt 0:00:20]} Ke5 {[%emt 0:00:59]} 65. Kb5 {[%emt 0:00:07]} Kd4 {[%emt 0:00:27]} 66. d6 {[%emt 0:00:21]} Bxd6 {[%emt 0:00:11]} 67. Kxb6 {[%emt 0:00:03]} Bb4 {[%emt 0:00:05]} 68. Kb5 {[%emt 0:00:48]} Ke3 {[%emt 0:00:02]} 69. Kc4 {[%emt 0:00:14]} Kf2 {[%emt 0:00:01]} 70. Bh1 {[%emt 0:00:22]} Kg1 {[%emt 0:00:08]} 71. Be4 {[%emt 0:00:09]} h3 {[%emt 0:00:02]} 72. Kd3 {[%emt 0:00:18]} h2 {[%emt 0:00:01]} 73. Kc2 {[%emt 0:00:08]} h1=Q {[%emt 0:00:04]} 74. Bxh1 {[%emt 0:00:08]} Kxh1 {[%emt 0:00:01]} 0-1